Lech Poznań skład 24/25 - Statystyki

Ogólne statystyki
  • Ten quiz został rozwiązany 321 razy
  • Średni wynik to 18 z 26
Statystyki odpowiedzi
Hint Odpowiedź % Poprawnych
41 Mrozek
98%
9 Ishak
96%
35 Bednarek
89%
43 Kozubal
86%
2 Pereira
86%
7 Sousa
86%
16 Milić
85%
3 Douglas
83%
22 Murawski
82%
8 Gholizadeh
79%
15 Gurgul
79%
18 Salamon
79%
17 Szymczak
78%
10 Walemark
78%
19 Fiabema
69%
11 Hakans
65%
21 Hotić
63%
24 Jagiełło
57%
50 Ba Loua
56%
58 Mońka
55%
56 Lisman
51%
55 Pingot
51%
5 Andersson
49%
25 Dagerstal
39%
33 Loncar
33%
20 Hoffmann
27%
Nie znaleziono quizów pasujących do podanych kryteriów
Rozkład punktacji
Procent ludzi z każdym wynikiem
Percentyl według liczby udzielonych odpowiedzi
Twoja historia wyników
Nie rozwiązałeś tego quizu